00298nam a2200121Ia 4500008004100000041000800041082001400049100001900063245003000082260003300112300002400145365000700169240624s9999 xx 000 0 und d aeng a658.8 KUM aKUMAR NIRMALYA aGLOBAL MARKETING CASEBOOK c2006aMumbaibBusiness World a135 : p. : cm. ; 27 cRS